Cơ khí Việt Nam
保存先:
| フォーマット: | 図書 |
|---|---|
| 言語: | Undetermined |
| 出版事項: |
Hà Nội
Trung ương Hội Khoa học Kỹ thuật Cơ khí Việt Nam & Hiệp hội Doanh nghiệp Cơ khí Việt Nam
2020
|
| 主題: | |
| タグ: |
タグ追加
タグなし, このレコードへの初めてのタグを付けませんか!
|
| Thư viện lưu trữ: | Trung tâm Học liệu Trường Đại học Cần Thơ |
|---|
| LEADER | 00707nam a2200181Ia 4500 | ||
|---|---|---|---|
| 001 | CTU_237814 | ||
| 008 | 210402s9999 xx 000 0 und d | ||
| 020 | |c 50000 | ||
| 082 | |a 621 | ||
| 082 | |b C460 | ||
| 245 | 0 | |a Cơ khí Việt Nam | |
| 245 | 0 | |c Cơ quan của Trung ương Hội Khoa học Kỹ thuật Cơ khí Việt Nam & Hiệp hội Doanh nghiệp Cơ khí Việt Nam | |
| 260 | |a Hà Nội | ||
| 260 | |b Trung ương Hội Khoa học Kỹ thuật Cơ khí Việt Nam & Hiệp hội Doanh nghiệp Cơ khí Việt Nam | ||
| 260 | |c 2020 | ||
| 650 | |a Metal,Kim loại | ||
| 904 | |i Trang | ||
| 980 | |a Trung tâm Học liệu Trường Đại học Cần Thơ | ||